000 00897nas a2200289 4500
001 BR0401083
003 BR-BrBNA
005 20231205104356.0
007 ta
008 230509b bl.|||p| |||| 00| 00por d
040 _aBR-BrBNA
_bpor
_cBiblioteca Nacional de Agricultura
041 _a(Pt)
072 _aF30
100 1 _aCarvalho, L.P. de
100 1 _aLanza, M.A.
100 1 _aFallieri, J.
100 1 _aSantos, J.W. dos
245 1 _aAnálise da diversidade genética entre acessos de banco ativo de germoplasma de algodão
650 _aALGODÃO
650 _aVARIAÇÃO GENÉTICA
650 _aHIBRIDAÇÃO
650 _aBANCO DE GERMOPLASMA
650 _aMÉTODO DE MELHORAMENTO
773 0 _tPesquisa Agropecuária Brasileira (Brazil)
_xISSN 0101-204X
_g(Oct 2003), v. 38(10) p. 1149-1155
_wBR0401083
909 _a202311
_bLúcia
_c55
_dLúcia Elande
942 _2AGRIS
_n0
_cANA
999 _c177827
_d177827